<?xml version="1.0" encoding="UTF-8"?>
<record
    xmlns:xsi="http://www.w3.org/2001/XMLSchema-instance"
    xsi:schemaLocation="http://www.loc.gov/MARC21/slim http://www.loc.gov/standards/marcxml/schema/MARC21slim.xsd"
    xmlns="http://www.loc.gov/MARC21/slim">

  <leader>00407nam a22001457a 4500</leader>
  <controlfield tag="005">20260203091839.0</controlfield>
  <controlfield tag="008">260203b        |||||||| |||| 00| 0 eng d</controlfield>
  <datafield tag="020" ind1=" " ind2=" ">
    <subfield code="a">978-0-09947-827-0</subfield>
  </datafield>
  <datafield tag="100" ind1=" " ind2=" ">
    <subfield code="a">WOOLF, VIRGINIA</subfield>
  </datafield>
  <datafield tag="245" ind1=" " ind2=" ">
    <subfield code="a">THE WAVES</subfield>
  </datafield>
  <datafield tag="260" ind1=" " ind2=" ">
    <subfield code="a">LONDON</subfield>
    <subfield code="b">VINTAGE BOOKS</subfield>
    <subfield code="c">2004</subfield>
  </datafield>
  <datafield tag="300" ind1=" " ind2=" ">
    <subfield code="a">XVII, 198P.</subfield>
  </datafield>
  <datafield tag="650" ind1=" " ind2=" ">
    <subfield code="a">1. EXPERIMENTAL FICTION , ENGLISH 2 INTERIOR MONLOGUE - FICTION</subfield>
  </datafield>
  <datafield tag="942" ind1=" " ind2=" ">
    <subfield code="2">lcc</subfield>
    <subfield code="c">BK</subfield>
  </datafield>
  <datafield tag="999" ind1=" " ind2=" ">
    <subfield code="c">216510</subfield>
    <subfield code="d">216510</subfield>
  </datafield>
  <datafield tag="952" ind1=" " ind2=" ">
    <subfield code="0">0</subfield>
    <subfield code="1">0</subfield>
    <subfield code="2">lcc</subfield>
    <subfield code="4">0</subfield>
    <subfield code="6">PR6045 O72 W3  02004</subfield>
    <subfield code="7">0</subfield>
    <subfield code="8">FICT</subfield>
    <subfield code="9">374832</subfield>
    <subfield code="a">KSUL</subfield>
    <subfield code="b">KSUL</subfield>
    <subfield code="c">FIC</subfield>
    <subfield code="d">2026-02-03</subfield>
    <subfield code="i">111664</subfield>
    <subfield code="l">1</subfield>
    <subfield code="o">PR 6045 .O72W3 2004</subfield>
    <subfield code="p">50215</subfield>
    <subfield code="r">2026-03-31 14:51:30</subfield>
    <subfield code="s">2026-03-14</subfield>
    <subfield code="t">C.1</subfield>
    <subfield code="w">2026-02-03</subfield>
    <subfield code="y">BK</subfield>
  </datafield>
  <datafield tag="952" ind1=" " ind2=" ">
    <subfield code="0">0</subfield>
    <subfield code="1">0</subfield>
    <subfield code="2">lcc</subfield>
    <subfield code="4">0</subfield>
    <subfield code="6">PR6045 O72 W3  02004</subfield>
    <subfield code="7">0</subfield>
    <subfield code="8">FICT</subfield>
    <subfield code="9">374833</subfield>
    <subfield code="a">KSUL</subfield>
    <subfield code="b">KSUL</subfield>
    <subfield code="c">FIC</subfield>
    <subfield code="d">2026-02-03</subfield>
    <subfield code="i">111665</subfield>
    <subfield code="l">0</subfield>
    <subfield code="o">PR 6045 .O72W3 2004</subfield>
    <subfield code="p">50217</subfield>
    <subfield code="r">2026-02-03 09:30:00</subfield>
    <subfield code="t">C.2</subfield>
    <subfield code="w">2026-02-03</subfield>
    <subfield code="y">BK</subfield>
  </datafield>
  <datafield tag="952" ind1=" " ind2=" ">
    <subfield code="0">0</subfield>
    <subfield code="1">0</subfield>
    <subfield code="2">lcc</subfield>
    <subfield code="4">0</subfield>
    <subfield code="6">PR6045 O72 W3  02004</subfield>
    <subfield code="7">0</subfield>
    <subfield code="8">FICT</subfield>
    <subfield code="9">374834</subfield>
    <subfield code="a">KSUL</subfield>
    <subfield code="b">KSUL</subfield>
    <subfield code="c">FIC</subfield>
    <subfield code="d">2026-02-03</subfield>
    <subfield code="i">111666</subfield>
    <subfield code="l">0</subfield>
    <subfield code="o">PR 6045 .O72W3 2004</subfield>
    <subfield code="p">50218</subfield>
    <subfield code="r">2026-02-03 09:30:00</subfield>
    <subfield code="t">C.3</subfield>
    <subfield code="w">2026-02-03</subfield>
    <subfield code="y">BK</subfield>
  </datafield>
  <datafield tag="952" ind1=" " ind2=" ">
    <subfield code="0">0</subfield>
    <subfield code="1">0</subfield>
    <subfield code="2">lcc</subfield>
    <subfield code="4">0</subfield>
    <subfield code="6">PR6045 O72 W3  02004</subfield>
    <subfield code="7">0</subfield>
    <subfield code="8">FICT</subfield>
    <subfield code="9">374835</subfield>
    <subfield code="a">KSUL</subfield>
    <subfield code="b">KSUL</subfield>
    <subfield code="c">FIC</subfield>
    <subfield code="d">2026-02-03</subfield>
    <subfield code="i">111667</subfield>
    <subfield code="l">0</subfield>
    <subfield code="o">PR 6045 .O72W3 2004</subfield>
    <subfield code="p">50220</subfield>
    <subfield code="r">2026-02-03 09:30:00</subfield>
    <subfield code="t">C.4</subfield>
    <subfield code="w">2026-02-03</subfield>
    <subfield code="y">BK</subfield>
  </datafield>
  <datafield tag="952" ind1=" " ind2=" ">
    <subfield code="0">0</subfield>
    <subfield code="1">0</subfield>
    <subfield code="2">lcc</subfield>
    <subfield code="4">0</subfield>
    <subfield code="6">PR6045 O72 W3  02004</subfield>
    <subfield code="7">0</subfield>
    <subfield code="8">FICT</subfield>
    <subfield code="9">374836</subfield>
    <subfield code="a">KSUL</subfield>
    <subfield code="b">KSUL</subfield>
    <subfield code="c">FIC</subfield>
    <subfield code="d">2026-02-03</subfield>
    <subfield code="i">111668</subfield>
    <subfield code="l">0</subfield>
    <subfield code="o">PR 6045 .O72W3 2004</subfield>
    <subfield code="p">50219</subfield>
    <subfield code="r">2026-02-03 09:30:00</subfield>
    <subfield code="t">C.5</subfield>
    <subfield code="w">2026-02-03</subfield>
    <subfield code="y">BK</subfield>
  </datafield>
</record>
